Nové strategické modely interakcie organizácia - zákazník

Gespeichert in:
Bibliographische Detailangaben
1. Verfasser: Lesáková, Dagmar, 1949-
Format: Buchkapitel
Sprache:Slowakisch
Tags: Tag hinzufügen
Keine Tags, Fügen Sie das erste Tag hinzu!

MARC

LEADER 00000naa$a2200000$$$4500
001 0177723
005 20240502083419.7
041 0 |a slo 
044 |a CZ 
245 1 0 |a Nové strategické modely interakcie organizácia - zákazník  |c Dagmar Lesáková 
100 1 |a Lesáková, Dagmar, 1949-